000 00785cam a2200301 4500
001 ABS67713
008 040512n2004 000 0 eng u
035 _a(Sirsi) u126177
245 _aRegional survey: East Anglia
260 _c2004
490 _aProperty Week
_v69(16) 16 April 2004, 45-56(8)
590 _aABS
590 _aABS
650 _aEAST ANGLIA
650 _aNORWICH
650 _aLIVESTOCK INDUSTRY
650 _aCAMBRIDGE
650 _aBURY ST EDMUNDS
650 _aREGENERATION
650 _aKINGS LYNN
650 _aIPSWICH
650 _aOFFICE MARKET
650 _aINDUSTRIAL MARKET
650 _aPROPERTY-COMMERCIAL PROPERTY-RETAIL PROPERTY-RETAIL PROPERTY MARKET
650 _aELY
690 _aCOMMERCIAL PROPERTY-MARKET
942 _n0
999 _c117341
_d117341